00713pab a2200145 454500008004000000100001900040245003900059260000900098300001200107362000800119520037000127650001800497650003600515773001600551180718b2000 xxu||||| |||| 00| 0 eng d aTarling, Nigel aA three-point plan for Geneva 2000 c2000 ap.59-62 aJun aNigel Tarling reports on the International Council on Social Welfare (ICSW), a global alliance of civil society organizations whose priority issues for Geneva are: the establishment of an international anti-poverty alliance; the strengthening of international principles and standards for social development; and the strengthening of the ECOSOC system. - Reproduced aCivil society aEconomic and social development aDevelopment